Construction of a molecular linkage map in coffee (Record no. 56210)

MARC details
000 -LEADER
fixed length control field 00444nam a2200181Ia 4500
100 ## - MAIN ENTRY--AUTHOR NAME
Personal name Paillard M
245 #0 - TITLE STATEMENT
Title Construction of a molecular linkage map in coffee
260 ## - PUBLICATION, DISTRIBUTION, ETC. (IMPRINT)
Name of publisher Theoretical and Applied Genetics
Year of publication 1996
300 ## - PHYSICAL DESCRIPTION
Number of Pages 41-47
650 ## - SUBJECT ADDED ENTRY--TOPICAL TERM
Topical Term Coffee
650 ## - SUBJECT ADDED ENTRY--TOPICAL TERM
Topical Term Linkage map
650 ## - SUBJECT ADDED ENTRY--TOPICAL TERM
Topical Term RAPD
650 ## - SUBJECT ADDED ENTRY--TOPICAL TERM
Topical Term RFLP
700 ## - ADDED ENTRY--PERSONAL NAME
Personal name Lashermes P
700 ## - ADDED ENTRY--PERSONAL NAME
Personal name Petiard V
942 ## - ADDED ENTRY ELEMENTS (KOHA)
Koha item type Journals
Holdings
Withdrawn status Lost status Damaged status Not for loan Home library Current library Shelving location Date acquired Serial Enumeration / chronology Koha item type
      Journals RRII Library RRII Library RAPD 17/12/2021 Volume 93, Issue 02-Jan Journals